| 000 | 00505nam a2200157 i 4500 | ||
|---|---|---|---|
| 001 | 115780 | ||
| 003 | ES-MaACL | ||
| 007 | t| | ||
| 008 | 070511s1984 sp ||||1| spa d | ||
| 110 | 2 |
_aUniversidad Politécnica de Madrid _97435 |
|
| 245 | 1 | 0 |
_aResumen de tesis doctorales _b: curso 1982/83 / _cUniversidad Politécnica de Madrid. |
| 260 |
_aMadrid : _bUniversidad Politécnica de Madrid, _c[1984] |
||
| 300 |
_a211 p. ; _c19 cm. |
||
| 852 |
_aES-MaACL _jL-7913 _bR.107929 |
||
| 999 |
_c115780 _d115780 |
||